| 000 | 00437nam a2200169 i 4500 | ||
|---|---|---|---|
| 001 | 90723 | ||
| 003 | ES-MaACL | ||
| 005 | 20230906180538.0 | ||
| 007 | t| | ||
| 008 | 050124s1969 sp ||||1| spa d | ||
| 100 | 1 |
_aLeñero, Vicente. _971564 |
|
| 245 | 1 | 4 |
_aLos albañiles / _cVicente Leñero. |
| 250 | _a3ª ed. | ||
| 260 |
_aBarcelona : _bSeix Barral, _c1969. |
||
| 300 |
_a250 p. ; _c19 cm. |
||
| 852 |
_aES-MaACL _jC-36466 _bR.70567 |
||
| 999 |
_c90723 _d90723 |
||